ბათუმის შოთა რუსთაველის სახელმწიფო უნივერსიტეტის ბიბლიოთეკა

კონსტიტუციური სამართალი = Droit constitutionnel : (ბიბ.ჩანაწერი № 41876)

000 -ლიდერი
ფიქსირებული სიგრძის საკონტროლო ველი 01673nam a2200289Ia 4500
001 - საკონტროლო ნომერი
საკონტროლო ველი 8559
003 - საკონტროლო ნომრის იდენტიფიკატორი
საკონტროლო ველი GE_BSU
005 - ბოლო ოპერაციის თარიღი და დრო
საკონტროლო ველი 20200817131859.0
008 - ფიქსირებული სიგრძის მონაცემთა ელემენტები - ზოგადი ინფორმაცია
ფიქსირებული სიგრძის საკონტროლო ველი 181216s2012||||ge |||||||||||||| ||geo||
020 ## - წიგნის საერთაშორისო სტანდარტული ნომერი
International Standard Book Number 9789941132582
040 ## - კატალოგიზაციის წყარო
Transcribing agency GE_BSU
041 ## - ენის კოდი
Language code of text/sound track or separate title geo
080 ## - უნივერსალური ათობითი კლასიფიკაციის ინდექსი
Universal Decimal Classification number 342 პ–14
100 ## - მთავარი ჩანაწერი - პიროვნების სახელი
Personal name პაკტე, პიერ
9 (RLIN) 6155
245 ## - ცნობა სათაურის შესახებ
Title კონსტიტუციური სამართალი = Droit constitutionnel :
Remainder of title 2009 წლის ივლისის მდგომარეობით /
Statement of responsibility, etc პიერ პაკტე, ფერდინან მელენ-სუკრამანიანი ; მთარგმნ. გიული კალატოზიშვილი ; სამეცნ. რედ. ავთანდილ დემეტრაშვილი.
250 ## - გამოცემის ცნობა
Edition statement 28-ე გამოცემა
264 ## - წარმოების, გამოცემის, დისტრიბუციის და სხვა ცნობები
გამოცემის, წარმოების, დისტრიბუციის... ადგილი თბილისი :
გამოცემის, წარმოების, დისტრიბუციის... სახელწოდება თბილისის უნ–ტის გამ–ბა,
გამოცემის, წარმოების, დისტრიბუციის... თარიღი 2012.
300 ## - ფიზიკური აღწერა
Extent 967 გვ.;
Other physical details 23 სმ.
500 ## - ზოგადი შენიშვნა
General note პარალ. თავფურ. ფრანგ.
501 ## - შენიშვნა თანმხლებ მასალაზე
With note საძიებელი გვ. 936-941
504 ## - BIBLIOGRAPHY, ETC. NOTE
Bibliography, etc ბიბლიოგრ. ტექსტ. შენიშვნ.
653 ## - INDEX TERM--UNCONTROLLED
Uncontrolled term კონსტიტუციური სამართალი
700 ## - ADDED ENTRY--PERSONAL NAME
Personal name მელენ-სუკრამანიანი, ფერდინან
Relator term ავტორი
9 (RLIN) 6156
700 ## - ADDED ENTRY--PERSONAL NAME
Personal name კალატოზიშვილი, გიული
Relator term მთარგმნელი
9 (RLIN) 6157
700 ## - ADDED ENTRY--PERSONAL NAME
Personal name დემეტრაშვილი, ავთანდილ
Relator term რედაქტორი
9 (RLIN) 162
942 ## - ADDED ENTRY ELEMENTS (KOHA)
Koha item type წიგნი
Source of classification or shelving scheme
ეგზემპლარები
ჩამოწერის სტატუსი დაკარგული ეგზემპლარის სტატუსი კლასიფიკაციის წყარო ან თაროზე გაწყობის სქემა დაზიანების სტატუსი არ გაიცემა მუდმივი მდებარეობა (დაცვის ადგილი) ამჟამინდელი ადგილსამყოფელი თაროზე განთავსების ადგილი შეძენის თარიღი სრული შენახვის შიფრი შტრიხკოდი ბოლო ოპერაციის თარიღი ეგზემპლარის მიმდევრობითი ნომერი (კეტერი?) ფასის ძალაში შესვლის თარიღი ეგზემპლარის სახეობა ღირებულება, შესყიდვის ნორმალური ფასი საჯარო შენიშვნა
          ბათუმის შოთა რუსთაველის სახელმწიფო უნივერსიტეტის მთავარი ბიბლიოთეკა ბათუმის შოთა რუსთაველის სახელმწიფო უნივერსიტეტის მთავარი ბიბლიოთეკა წიგნსაცავი 2018-12-17 342 პ–14 30880 2018-12-17 30880 2018-12-17 წიგნი    
          ბათუმის შოთა რუსთაველის სახელმწიფო უნივერსიტეტის მთავარი ბიბლიოთეკა ბათუმის შოთა რუსთაველის სახელმწიფო უნივერსიტეტის მთავარი ბიბლიოთეკა წიგნსაცავი 2018-12-17 342 პ–14 7420 2018-12-17 7420 2018-12-17 წიგნი    
          ბათუმის შოთა რუსთაველის სახელმწიფო უნივერსიტეტის მთავარი ბიბლიოთეკა ბათუმის შოთა რუსთაველის სახელმწიფო უნივერსიტეტის მთავარი ბიბლიოთეკა წიგნსაცავი 2020-08-17 342 პ–14 60842 2020-08-17 60842 2020-08-17 წიგნი 33.00 33.00
          ბათუმის შოთა რუსთაველის სახელმწიფო უნივერსიტეტის მთავარი ბიბლიოთეკა ბათუმის შოთა რუსთაველის სახელმწიფო უნივერსიტეტის მთავარი ბიბლიოთეკა წიგნსაცავი 2021-11-17 342 პ–14 40622 2021-11-17 40622 2021-11-17 წიგნი 28.00 28 ლ.